El código civil chileno en el prisma del tiempo
Spremljeno u:
| Glavni autor: | |
|---|---|
| Format: | Knjiga |
| Jezik: | španjolski |
| Izdano: |
Valparaíso
EDEVAL
1981
|
| Teme: | |
| Oznake: |
Dodaj oznaku
Bez oznaka, Budi prvi tko označuje ovaj zapis!
|
MARC
| LEADER | 00000nam a2200000 a 4500 | ||
|---|---|---|---|
| 001 | UCY7062 | ||
| 003 | CL-VaPUC | ||
| 008 | 950609e19810000CL |||||||||||||||||spa|d | ||
| 082 | 0 | 4 | |a 346.83 |b TOM |2 21 |
| 100 | 0 | |a Tomasello Hart, Leslie |e author |9 337329 | |
| 245 | 1 | 3 | |a El código civil chileno en el prisma del tiempo |
| 300 | |a 93 p | ||
| 942 | |c BK | ||
| 945 | |d 19950609 00:00:00 |a aalvarez | ||
| 260 | |a Valparaíso |b EDEVAL |c 1981 | ||
| 650 | 0 | |a Derecho civil |9 255013 | |
| 651 | 7 | |a CHILE |2 CL-VaPUC |9 337330 | |
| 583 | |a last modification |c 19950609 00:00:00 |k Rodrigo Vera | ||
| 999 | |c 234531 |d 234529 | ||
| 952 | |0 0 |1 0 |2 ddc |4 0 |6 346_830000000000000_TOM_1981 |7 0 |8 A |9 240977 |a BIBDER |b BIBDER |d 2019-11-18 |i 2001632 |o 346.83 TOM 1981 |p 2001632 |r 2023-01-25 |w 2019-11-18 |y MX |k DER | ||
| 952 | |0 0 |1 0 |2 ddc |4 0 |6 346_830000000000000_TOM_1981 |7 0 |8 A |9 240978 |a BIBDER |b BIBDER |d 2019-11-18 |i 3928322 |o 346.83 TOM 1981 |p 3928322 |r 2023-01-25 |w 2019-11-18 |y MX |k DER | ||